| 000 | 00523nam a2200193Ia 4500 | ||
|---|---|---|---|
| 008 | 170705s9999 xx 000 0 und d | ||
| 020 | _a9780152842864 | ||
| 245 | _aTeammates : | ||
| 245 | _bhow two men changed the face of baseball / | ||
| 245 | _cwritten by Peter Golenbock ; illustrated by Paul Bacon. | ||
| 250 | _aFirst edition. | ||
| 260 | _aBoston : | ||
| 260 | _bHoughton Mifflin Company, | ||
| 260 | _c1990 | ||
| 300 | _aunpaged : | ||
| 300 | _bcolor illustration ; | ||
| 300 | _c21cm. | ||
| 500 | _a930 | ||
| 999 |
_c337250 _d337250 |
||